Italian Exonyms for European Cities - Statistics

General Stats
  • This quiz has been taken 35 times
  • The average score is 68 of 96
Answer Stats
Hint Answer % Correct
Bruxelles Brussels
97%
Dublino Dublin
97%
Lisbona Lisbon
97%
Lussemburgo Luxembourg
97%
Parigi Paris
97%
Zagrabia Zagreb
97%
Atene Athens
94%
Belgrado Belgrade
94%
Liegi Liège
94%
Londra London
94%
Maiorca Mallorca
94%
Marsiglia Marseille
94%
Nizza Nice
94%
Strasburgo Strasbourg
94%
Tolosa Toulouse
94%
Varsavia Warsaw
94%
Zurigo Zürich
94%
Barcellona Barcelona
90%
Bucarest Bucharest
90%
Edimburgo Edinburgh
90%
Francoforte sul Meno Frankfurt am Main
90%
Danzica Gdańsk
90%
Kiev Kyiv
90%
Losanna Lausanne
90%
Sebastopoli Sevastopol
90%
San Piertroburgo St. Petersburg
90%
Valenza Valencia
90%
Berlino Berlin
87%
Cordova Córdoba
87%
Dresda Dresden
87%
Ginerva Geneva
87%
Gibilterra Gibraltar
87%
Gotemburgo Gothenburg
87%
Amburgo Hamburg
87%
Cracovia Kraków
87%
Lubiana Ljubljana
87%
Lione Lyon
87%
Mosca Moscow
87%
Rostov sul Don Rostov-on-Don
87%
La Valletta Valletta
87%
Saragozza Zaragoza
87%
Brema Bremen
84%
Colonia Cologne
84%
Lubecca Lübeck
84%
Lublino Lublin
84%
Oporto Porto
84%
Siviglia Seville
84%
Aiaccio Ajaccio
81%
Monaco di Baviera Munich
81%
Salonicco Thessaloniki
81%
Vilna Vilnius
81%
Basilea Basel
77%
Novocastro Newcastle
77%
Spalato Split
77%
Stettino Szczecin
77%
Jalta Yalta
77%
Anversa Antwerp
74%
Cadice Cádiz
74%
Gand Ghent
74%
Leopoli Lviv
74%
Nipro Dnieper
71%
Contanza Constanţa
68%
Lipsia Leipzig
68%
Tebe Thebes
68%
Breslavia Wrocław
68%
Durazzo Durrës
65%
Limburgo Limburg
65%
Rodi Rhodes
65%
Arcangelo Arkhangelsk
61%
Fiume Rijeka
61%
Tolone Toulon
61%
Augusta Augsburg
58%
Patrasso Patras
58%
L'Aia The Hague
58%
Stoccolma Stockholm
52%
Treviri Trier
48%
Zara Zadar
48%
Limisso Limassol
45%
Argo Argos
39%
Lovanio Leuven
39%
San Maurizio St. Moritz
39%
Giannina Ioannina
35%
Ratisbona Regensburg
35%
Aquisgrana Aachen
32%
Alessandropoli Alexandroupoli
32%
Candia Heraklion
29%
Vallona Vlorë
29%
Angiò Anjou
26%
Cattaro Kotor
26%
Scutari Shkodër
26%
Essecchio Osijek
23%
Seghedino Szeged
16%
Cinquechiese Pécs
10%
Filippopoli Plovdiv
10%
Castalnuovo Herceg Novi
6%
Nicopoli Nikopol
6%
No matching quizzes found
Score Distribution
Percent of People with Each Score
Percentile by Number Answered
Your Score History
You have not taken this quiz